00518nam a22001817a 450000500170000001000150001702000260003203500140005803700130007208200110008510000190009624500750011525000060019026000260019627000580022230000230028070000330030320240129121410.0 aENG-139037 a9789385888939c370.00 aEN-122569 bDBAD/PUB a00021 aGupta, Bhasker aSSB Interviws The A To Z Guide:bTo Final Selection/cBy Bhasker Gupta a1 aAgrabUpkar Prakashan a1 State Bank Colony, Khandari Bye- PassbAgrae282005 a412 p.c28 cm(pbk) aGilberg, Richard F. eAuthor